| 000 | 00950cab a2200193 4500 | ||
|---|---|---|---|
| 001 | ##L135141 | ||
| 008 | 060928n2006 000 0 eng u | ||
| 035 | _a(Sirsi) u135141 | ||
| 041 | 0 | _aeng | |
| 100 | 1 | _aYoung, Eleanor | |
| 245 | 0 | 0 | _aBattle of the boulevards |
| 260 | _c2006 | ||
| 490 | 0 |
_aRIBA Journal _v113(10) October 2006, 44-48(5) |
|
| 520 | _aLooks at car-friendly, low-density Milton Keynes which will be 40 years old in 2007. Describes the development spurt that Milton Keynes is experiencing as one of the government's four national growth areas, which will put pressure on its network of boulevards and landscapes. Concludes that Milton Keynes's saving grace might be found in the quality of housing and more ordinary buildings rather than any city centre grand plan. | ||
| 590 | _aIKA031006 | ||
| 651 | 4 | _aMILTON KEYNES | |
| 690 | _aENVIRONMENTAL AND LAND CONSULTANCY-PLANNING AND DEVELOPMENT-STRATEGIC PLANNING | ||
| 942 | _n0 | ||
| 999 |
_c77801 _d77801 |
||